Southville International School and Colleges
Your cart is empty.
  • Cart
  • Lists
    Public lists Eva Luna New books Lux_list list_1
    Your lists Log in to create your own lists
  • Log in to your account
  • Your cookies
  • Search history
Southville International School and Colleges
  • Advanced search
  • Recent comments
  • Most popular
  • Libraries

Log in to your account

Log in with GOOGLE


If you do not have an external account, but do have a local account, you can still log in:

  1. Home
  2. MARC view: Development through life :
Normal view MARC view ISBD view

Development through life : (Record no. 290440)

[ view plain ]
MARC details
000 -LEADER
fixed length control field 01034cam a22003135a 4500
001 - CONTROL NUMBER
control field 17908097
003 - CONTROL NUMBER IDENTIFIER
control field PILC
005 - DATE AND TIME OF LATEST TRANSACTION
control field 20160119084131.0
008 - FIXED-LENGTH DATA ELEMENTS--GENERAL INFORMATION
fixed length control field 131017s2015 ctu 000 0 eng
010 ## - LIBRARY OF CONGRESS CONTROL NUMBER
LC control number 2013952161
020 ## - INTERNATIONAL STANDARD BOOK NUMBER
International Standard Book Number 9781285459967 (hardcover)
020 ## - INTERNATIONAL STANDARD BOOK NUMBER
International Standard Book Number 1285459962 (hardcover)
040 ## - CATALOGING SOURCE
Original cataloging agency DLC
Transcribing agency DLC
042 ## - AUTHENTICATION CODE
Authentication code pcc
050 ## - LIBRARY OF CONGRESS CALL NUMBER
Classification number BF 713
Item number .N462 2015
100 1# - MAIN ENTRY--PERSONAL NAME
Personal name Newman, Barbara M.,
Relator term author.
240 10 - UNIFORM TITLE
Uniform title <a href="Life-span development">Life-span development</a>
245 10 - TITLE STATEMENT
Title Development through life :
Remainder of title a psychosocial approach /
Statement of responsibility, etc Barbara M. Newman, Philip R. Newman.
250 ## - EDITION STATEMENT
Edition statement 12th edition.
260 ## - PUBLICATION, DISTRIBUTION, ETC. (IMPRINT)
Place of publication, distribution, etc USA :
Name of publisher, distributor, etc Cengage Learning,
Date of publication, distribution, etc 2015.
300 ## - PHYSICAL DESCRIPTION
Extent xxvii, 629 pages :
Dimensions 29 cm.
Other physical details illustrations (some color) ;
500 ## - GENERAL NOTE
General note Previous edition: published as Life-span development. 2012.
650 #0 - SUBJECT ADDED ENTRY--TOPICAL TERM
Topical term or geographic name as entry element Developmental psychology.
700 1# - ADDED ENTRY--PERSONAL NAME
Personal name Newman, Philip R.,
Relator term author.
906 ## - LOCAL DATA ELEMENT F, LDF (RLIN)
a 0
b ibc
c origres
d 2
e ncip
f 20
g y-gencatlg
942 ## - ADDED ENTRY ELEMENTS (KOHA)
Source of classification or shelving scheme Library of Congress Classification
Koha item type Books
Call number prefix Foreign
Holdings
Withdrawn status Lost status Source of classification or shelving scheme Damaged status Home library Current library Shelving location Date acquired Source of acquisition Sub Shelving location Total Checkouts Total Renewals Full call number Barcode Date last seen Date checked out Price effective from Koha item type
    Library of Congress Classification   College Library College Library Reserve Section 01/19/2016 Library Fund   2 4 BF 713 .N462 2015 C20364 09/10/2019 09/04/2019 01/19/2016 Books

Development through life :

APA

Newman B. M., Newman P. R., . (2015). Development through life. USA: Cengage Learning.

Chicago

Newman Barbara M, Newman Philip R, . 2015. Development through life. USA: Cengage Learning.

Harvard

Newman B. M., Newman P. R., . (2015). Development through life. USA: Cengage Learning.

MLA

Newman Barbara M, Newman Philip R, . Development through life. USA: Cengage Learning. 2015.

  • Place hold
  • Print
  • Cite
  • Add to your cart (remove)
  • Save record
    BIBTEX Dublin Core MARCXML MARC (non-Unicode/MARC-8) MARC (Unicode/UTF-8) MARC (Unicode/UTF-8, Standard) MODS (XML) RIS
  • More searches
    Search for this title in:
    Other Libraries (WorldCat) Other Databases (Google Scholar) Online Stores (Bookfinder.com) Open Library (openlibrary.org)

Exporting to Dublin Core...

SOUTHVILLE LIBRARY

Southville International School and Colleges Library

1281 Tropical Ave. Cor. Luxembourg St., BF Homes International, Las Pinas City

Tel. No. 8256374 / 252358 Loc. 117/146

Powered by Koha